Impact du développement de la culture du manioc dans la gestion des terres cultivables : cas du village de Siradou (commune de N'Dali) (Record no. 48856)

MARC details
000 -LEADER
fixed length control field 00896nam a22002777a 4500
003 - CONTROL NUMBER IDENTIFIER
control field 0
005 - DATE AND TIME OF LATEST TRANSACTION
control field 20160609170401.0
008 - FIXED-LENGTH DATA ELEMENTS--GENERAL INFORMATION
fixed length control field 110107t xxu||||| |||| 00| 0 eng d
037 ## - SOURCE OF ACQUISITION
Stock number R16556
Source of stock number/acquisition BIBLIO
040 ## - SOURCE DU CATALOGAGE
Original cataloging agency EPAC
Language of cataloging F
Transcribing agency BIBLIO
082 ## - DEWEY DECIMAL CLASSIFICATION NUMBER
Classification number 26.APE/IDR
100 ## - VEDETTE PRINCIPALE - NOM DE PERSONNE
Personal name Soulé IDRISSOU
9 (RLIN) 13704
245 ## - TITLE STATEMENT
Title Impact du développement de la culture du manioc dans la gestion des terres cultivables : cas du village de Siradou (commune de N'Dali)
250 ## - EDITION STATEMENT
Edition statement CAP
260 ## - PUBLICATION, DISTRIBUTION, ETC. (IMPRINT)
Place of publication, distribution, etc EPAC
Name of publisher, distributor, etc BIBLIO
Date of publication, distribution, etc 2005-2006
300 ## - PHYSICAL DESCRIPTION
Extent 39p
Other physical details ill. en coul
Dimensions 30cm
440 ## - SERIES STATEMENT/ADDED ENTRY--TITLE
Number of part/section of a work 5parties
9 (RLIN) 13705
500 ## - GENERAL NOTE
General note Liste des acronymes et abréviations; bibliographie ; annexes
650 ## - SUBJECT ADDED ENTRY--TOPICAL TERM
Topical term or geographic name as entry element MANIOC
9 (RLIN) 13706
650 ## - SUBJECT ADDED ENTRY--TOPICAL TERM
Topical term or geographic name as entry element GESTION DES TERRES
9 (RLIN) 13707
650 ## - SUBJECT ADDED ENTRY--TOPICAL TERM
Topical term or geographic name as entry element IMPACT
9 (RLIN) 13708
650 ## - SUBJECT ADDED ENTRY--TOPICAL TERM
Topical term or geographic name as entry element DEVELOPPEMENT
9 (RLIN) 13709
700 ## - ADDED ENTRY--PERSONAL NAME
Personal name LOKOSSOU AMOUSSOU François
9 (RLIN) 13710
700 ## - ADDED ENTRY--PERSONAL NAME
Personal name CHABI GANI Sarrè
9 (RLIN) 13711
942 ## - ADDED ENTRY ELEMENTS (KOHA)
Koha item type Thèse et Memoire
Holdings
Withdrawn status Lost status Damaged status Not for loan Location (home branch) Sublocation or collection (holding branch) Date acquired Source of acquisition Koha issues (times borrowed) Koha full call number Piece designation (barcode) Koha date last seen Copy number Price effective from Koha item type Public note
        Bibliothèque Ecole Polytechnique d'Abomey-Calavi Bibliothèque Ecole Polytechnique d'Abomey-Calavi 07/01/2011 CAP   26.APE/IDR 16556EPAC 07/01/2011 3 07/01/2011 Thèse et Memoire Prêt à domicile


© 2008, Bibliothèques de l'Université d'Abomey-Calavi

04 BP 789 Cotonou, Tél. : +229 21 36 01 01, Fax : +229 21 35 06 32

Courriel : bu@bu.uac.bj